Maşın detalları və konstruksiyaetmənin əsasları (Record no. 409)
[ view plain ]
| 000 -LEADER | |
|---|---|
| fixed length control field | 02668nam a2200361 4500 |
| 003 - CONTROL NUMBER IDENTIFIER | |
| control field | OSt |
| 005 - DATE AND TIME OF LATEST TRANSACTION | |
| control field | 20260512072154.0 |
| 008 - FIXED-LENGTH DATA ELEMENTS--GENERAL INFORMATION | |
| fixed length control field | 260512b |||||||| |||| 00| 0 aze d |
| 020 ## - INTERNATIONAL STANDARD BOOK NUMBER | |
| International Standard Book Number | 5806610808 |
| 040 ## - CATALOGING SOURCE | |
| Original cataloging agency | AZ-XaKU |
| Language of cataloging | aze |
| Transcribing agency | AZ-XaKU |
| 041 0# - LANGUAGE CODE | |
| Language code of text/sound track or separate title | aze |
| 050 14 - LIBRARY OF CONGRESS CALL NUMBER | |
| Classification number | TJ175 .Ab332 2003 |
| 100 1# - MAIN ENTRY--PERSONAL NAME | |
| Personal name | Abdullayev, A.H., |
| Relator term | müəllif. |
| 245 1# - TITLE STATEMENT | |
| Title | Maşın detalları və konstruksiyaetmənin əsasları |
| Statement of responsibility, etc. | / A.H. Abdullayev, R.K.Məmmədov, M.H.Güməyev ; rəy verənlər R.İ.Əlizadə, V.Z.Mövlazadə |
| 264 ## - PRODUCTION, PUBLICATION, DISTRIBUTION, MANUFACTURE, AND COPYRIGHT NOTICE | |
| Place of production, publication, distribution, manufacture | Bakı: |
| Name of producer, publisher, distributor, manufacturer | "Elm" nəşriyyatı, |
| Date of production, publication, distribution, manufacture, or copyright notice | 2003. |
| 300 ## - PHYSICAL DESCRIPTION | |
| Extent | 462 səhifə; |
| Other physical details | şəkil, cədvəl, |
| Dimensions | 23.5 sm. |
| 336 ## - CONTENT TYPE | |
| Content type term | text |
| Content type code | txt |
| Source | rdacontent |
| 337 ## - MEDIA TYPE | |
| Media type term | unmediated |
| Media type code | n |
| Source | rdamedia |
| 338 ## - CARRIER TYPE | |
| Carrier type term | volume |
| Carrier type code | nc |
| Source | rdacarrier |
| 500 ## - GENERAL NOTE | |
| General note | Dərs vəsaiti Azərbaycan Respublikası Təhsil Nazirliyinin 722 saylı 19.07.2000-ci il tarixli qərarına müvafiq olaraq texniki ali məktəblərin mexanika ixtisaslarında təhsil alan tələbələr üçün buraxılmışdır. |
| 504 ## - BIBLIOGRAPHY, ETC. NOTE | |
| Bibliography, etc. note | Ədəbiyyat siyahısı: s. 453 |
| 505 0# - Formatted Contents Note | |
| Formatted contents note | Giriş -- Fəsil 1. İntiqalın kinematik hesabı -- Fəsil 2. Ötürmələrin hesabı -- Fəsil 3. Eskiz layihələndirilməsi -- Fəsil 4. Dişli çarxların, sonsuz vint çarxlarının, sonsuz vintlərin, qasnaqların və ulduzcuqların konstruksiya olunması -- Fəsil 5. Val-top birləşdirməsi -- Fəsil 6. Yastıq düyümlərinin konstruksiya olunması -- Fəsil 7. Stəkanların və yastıq qapaqlarının konstruksiya olunması -- Fəsil 8. Yağlama qurğuları və kipləşdiricilər -- Fəsil 9. Gövdə detallarının konstruksiya olunması -- Fəsil 10. Valların konstruksiya olunması -- Fəsil 11. Dişli çarx və sonsuz vint ötürməsi düyümlərinin konstruksiyalarına aid misallar -- Fəsil 12. Müftalar -- Fəsil 13. İntiqalın layihələndirilməsinə aid misallar -- Fəsil 14. Maşın detallarının avtomatlaşdırılmış layihələndirilməsi -- Fəsil 15. Layihənin işçi sənədlərinin tərtib olunması -- Fəsil 16. Sorğu cədvəlləri, reduktor və sürətlər qutularının konstruksiyaları. |
| 520 0# - SUMMARY, ETC. | |
| Summary, etc. | Ümumi təyinatlı maşın detallarının, düyümlərin, mexanizmlərin hesablanma və konstruksiyaedilməsinin nəzəri əsası verilmişdir. |
| 521 ## - TARGET AUDIENCE NOTE | |
| Target audience note | Texniki ali məktəblərin mexanika ixtisaslarında təhsil alan tələbələr üçün buraxılmışdır. |
| 650 #7 - SUBJECT ADDED ENTRY--TOPICAL TERM | |
| Topical term or geographic name entry element | Maşınqayırma |
| Source of heading or term | AZ-XaKU |
| 655 ## - INDEX TERM--GENRE/FORM | |
| Source of term | Az-XaKU |
| Genre/form data or focus term | Dərs vəsaiti |
| 700 1# - ADDED ENTRY--PERSONAL NAME | |
| Personal name | Məmmədov, R.K., |
| Relator term | müəllif. |
| 700 1# - ADDED ENTRY--PERSONAL NAME | |
| Personal name | Güməyev, M.H., |
| Relator term | müəllif. |
| 700 1# - ADDED ENTRY--PERSONAL NAME | |
| Personal name | Əlizadə, R.İ., |
| Relator term | rəyçi. |
| 700 1# - ADDED ENTRY--PERSONAL NAME | |
| Personal name | Mövlazadə, V.Z., |
| Relator term | rəyçi. |
| 942 ## - ADDED ENTRY ELEMENTS (KOHA) | |
| Koha item type | Book |
| Withdrawn status | Lost status | Source of classification or shelving scheme | Damaged status | Not for loan | Collection | Home library | Current library | Date acquired | Total checkouts | Full call number | Barcode | Date last seen | Copy number | Price effective from | Koha item type |
|---|---|---|---|---|---|---|---|---|---|---|---|---|---|---|---|
| Library of Congress Classification | General Collection | Karabakh University Main Library | Karabakh University Main Library | 05/12/2026 | TJ175 .Ab332 2003 | 0000000334 | 05/12/2026 | 1 | 05/12/2026 | Book |